Teaching gifted kids in the regular classroom : (Record no. 2814)
[ view plain ]
| 000 -LEADER | |
|---|---|
| fixed length control field | 00814nam a22002177a 4500 |
| 003 - CONTROL NUMBER IDENTIFIER | |
| control field | OSt |
| 005 - DATE AND TIME OF LATEST TRANSACTION | |
| control field | 20140310181742.0 |
| 008 - FIXED-LENGTH DATA ELEMENTS--GENERAL INFORMATION | |
| fixed length control field | 130323t xxu||||| |||| 00| 0 eng d |
| 020 ## - INTERNATIONAL STANDARD BOOK NUMBER | |
| International Standard Book Number | 1575420899 |
| 050 ## - LIBRARY OF CONGRESS CALL NUMBER | |
| Classification number | LC 3993.9 |
| Item number | .W767 2001 |
| 082 ## - DEWEY DECIMAL CLASSIFICATION NUMBER | |
| Classification number | TR 371.952 |
| Item number | W72 2001 |
| 100 ## - MAIN ENTRY--PERSONAL NAME | |
| Personal name | Winebrenner, Susan; Rimm, Sylvia; Espeland, Pamela |
| 9 (RLIN) | 409 |
| 245 ## - TITLE STATEMENT | |
| Title | Teaching gifted kids in the regular classroom : |
| Remainder of title | strategies and techniques every teacher can use to meet the academic needs of the gifted and talented |
| Statement of responsibility, etc | Susan Winebrenner ; edited by Pamela Espeland. |
| 260 ## - PUBLICATION, DISTRIBUTION, ETC. (IMPRINT) | |
| Place of publication, distribution, etc | Minneapolis, Minn. : |
| Name of publisher, distributor, etc | Free Spirit Pub., |
| Date of publication, distribution, etc | c2001 |
| 300 ## - PHYSICAL DESCRIPTION | |
| Extent | 161 p. : forms ; |
| Dimensions | 28 cm. |
| 521 ## - TARGET AUDIENCE NOTE | |
| Target audience note | |
| 541 ## - IMMEDIATE SOURCE OF ACQUISITION NOTE | |
| -- | 1 |
| 562 ## - COPY AND VERSION IDENTIFICATION NOTE | |
| Number of copies | 1 |
| 650 ## - SUBJECT ADDED ENTRY--TOPICAL TERM | |
| Topical term or geographic name as entry element | Gifted children--Education--United States |
| 9 (RLIN) | 410 |
| 942 ## - ADDED ENTRY ELEMENTS (KOHA) | |
| Source of classification or shelving scheme | Library of Congress Classification |
| Koha item type | |
| Call number prefix | |
| Withdrawn status | Lost status | Source of classification or shelving scheme | Damaged status | Home library | Current library | Shelving location | Date acquired | Total Checkouts | Full call number | Barcode | Date last seen | Copy number | Price effective from | Koha item type |
|---|---|---|---|---|---|---|---|---|---|---|---|---|---|---|
| Library of Congress Classification | Luxembourg Library | Luxembourg Library | Teachers Reference Section | 07/15/2013 | LC 3993.9 .W767 2001 | 14788 | 08/13/2013 | 1 | 10/03/2013 | Books |